000 00661nam a2200181Ia 4500
008 100921s9999 xx 000 0 und d
082 _b32811
_a891.462 न 00
100 _aकिनरे जयंत.
245 _aदुर्गा शांत झाली.
260 _bमधुश्री प्रकाशन, पुणे.
_c2000
300 _a128
_bजयेश एजन्सी,पुणे.
365 _b110
520 _aललित-नाटके.
630 _aदुर्गा शांत झाली.
650 _aललित-नाटके.
730 _aदुर्गा शांत झाली.
942 _cBOOK
999 _c781924
_d781921